[Event "Bahn-chS 75"]
[Site "Bad Wildungen"]
[Date "2000.09.30"]
[Round "7"]
[White "Kietzmann, Heinz"]
[Black "Gottschalk, Willi"]
[Result "1/2-1/2"]
[WhiteElo "1522"]
[BlackElo "1721"]
[PlyCount "71"]
[EventDate "2000.09.24"]
[EventType "swiss"]
[EventRounds "7"]
[EventCountry "GER"]
[SourceTitle "EXT 2003"]
[Source "ChessBase"]
[SourceDate "2002.11.25"]
[SourceVersion "1"]
[SourceVersionDate "2002.11.25"]
[SourceQuality "1"]

1. d4 e6 2. e3 b6 3. Be2 Bb7 4. Bf3 Nc6 5. c3 Nf6 6. Ne2 Be7 7. 0-0 0-0 8. Nd2 d5 9. Ng3 g6 10. Be2 Nd7 11. f4 f5 12. Nf3 Nf6 13. Nh1 a5 14. Ne5 Nxe5 15. fxe5 Ne4 16. g3 c5 17. Nf2 Ng5 18. Bd2 c4 19. Kg2 b5 20. Rh1 a4 21. a3 Qc7 22. Nh3 Nxh3 23. Kxh3 Bg5 24. Kg2 Rf7 25. Bf3 Raf8 26. Kf2 Qe7 27. Qg1 h5 28. h4 Bh6 29. Qd1 Bg7 30. Qe2 Bc6 31. Rhg1 Qc7 32. Bg2 Bh6 33. Ke1 Bg7 34. Qf3 Rb8 35. Ke2 Bf8 36. Bf1 1/2-1/2